000 00725nam a2200205 i 4500
001 14086
003 ES-MaACL
005 20251118162035.0
007 t|
008 980928s1981 xxu |||| |dspa d
080 _a821.134.2(73=1.72) Méndez, Miguel 1.06
245 0 0 _aMiguel Méndez.
260 _aTempe, Arizona :
_bLa Palabra,
_c1981.
300 _aVII, 147 p. ;
_c22 cm.
500 _aNúmero doble de La Palabra: revista de literatura chicana, v. 3 / Primavera & Otoño 1981 / n. 1&2 dedicados a Miguel Méndez.
600 1 4 _aMéndez, Miguel,
_d1930-
_980130
700 1 _aMéndez, Miguel,
_d1930-
_980130
852 _aES-MaACL
_jL-21399
_z. - Dedicatoria autógrafa de Miguel Méndez
999 _c14086
_d14086